|
|
|
|
| LEADER |
00000nam a22000007a 4500 |
| 005 |
2021080501101.0 |
| 007 |
cr|||| |||| |
| 008 |
210805s2006 ca |||||s|||| 00||0 eng d |
| 020 |
|
|
|a 9781552212639
|
| 035 |
|
|
|a 34898
|
| 040 |
|
|
|a vLex
|
| 090 |
|
|
|c 11927
|d 11927
|
| 100 |
1 |
|
|a Tanovich, David M.
|
| 245 |
1 |
3 |
|a The Colour of Justice
|h [Recurso electrn̤ico] :
|b Policing Race in Canada /
|c David M. Tanovich
|
| 256 |
|
|
|a Servicio en ln̕ea
|
| 260 |
|
|
|a Toronto:
|b Irwin Law Inc.,
|c 2006
|
| 300 |
|
|
|a 1 recurso electrn̤ico
|
| 500 |
|
|
|a The colour of justice in Canada is largely driven by stereotypical assumptions about crime and those who commit it. Over the last few years, the use of race, ethnicity, and religion as indicators of suspicion by the police and security officials has come under scrutiny. The focus, however, has largely been on the American experience. The Colour of Justice provides the first comprehensive look at racial profiling in Canada. Its aim is to foster understanding and reform. The book uses social science evidence, judicial decisions, commission findings, government and police documents, narratives, and media reports to provide the answers to the following questions: When should policing be characterized as racial profiling? Why does it occur? How pervasive is it? What damage does it cause? Is it ever reasonable? How do we stop it?
|
| 506 |
1 |
|
|a Disponible solo en los productos indicados
|d vLex Global
|d vLex Global (Academic Edition, excluding Law Schools)
|d vLex Global (U.S. Academic Edition, Law Schools)
|d vLex Global (U.S. Academic Edition, excluding Law Schools)
|d vLex Global (Academic Edition, Law Schools)
|
| 650 |
0 |
4 |
|a Derecho Penal
|z Canad̀
|
| 740 |
0 |
|
|a vLex Libros (Servicio en ln̕ea)
|
| 856 |
4 |
0 |
|u https://app.vlex.com/#/sources/34898
|z Acceso restringido
|
| 942 |
|
|
|c BOOK
|
| 999 |
0 |
|
|a Criminal law
|